Statistieken voor Landen van Europa - Achterstevoren

Klik hier om de quiz te nemen!

Algemene statistieken

  • Deze quiz is 19 keer genomen
  • De gemiddelde score is 16 van 45

Antwoorden op de kaart

Antwoorden kleurgecodeerd door een groen-rode schaal op de quizkaart volgens % correct hieronder.
 

Antwoordstatistieken

Land% Correct
dnalredeN
82%
dnalsJI
82%
dnalreI
76%
ëigleB
65%
ëilatI
65%
nedewZ
65%
dnalniF
59%
ejnapS
59%
arrodnA
53%
atlaM
47%
dnalrestiwZ
47%
kjirknarF
47%
neloP
47%
dnalstiuD
41%
dnalteL
41%
dnaltsE
41%
lagutroP
41%
negewrooN
41%
ocanoM
41%
oniraM naS
41%
dnalnekeirG
35%
dnalsuR
35%
datsnaacitaV
29%
ëinablA
29%
kjirnetsoO
29%
nekrameneD
29%
newuotiL
29%
ovosoK
29%
suraleB
29%
ëihcejsT
24%
ejikawolS
24%
grubmexuL
24%
kjirkninoK dginereV
24%
ëinevolS
18%
ëitaorK
18%
ëivreS
18%
enïarkeO
18%
nietsnethceiL
18%
anivogezreH ne ëinsoB
12%
ëinemeoR
6%
ëinodecaM-drooN
6%
ëivadloM
6%
orgenetnoM
6%
ejiragluB
0%
ejiragonH
0%

Scoreverdeling

Percentiel versus Aantal Correcte Antwoorden

Procent van Mensen met Elke Score

Uw Scoregeschiedenis

U heeft deze quiz nog niet genomen